|
|
|
|
| LEADER |
00000cam a2200000 7i4500 |
| 001 |
0000001995 |
| 005 |
20230616.0 |
| 008 |
991127 my may |
| 040 |
|
|
|a INS
|
| 090 |
0 |
0 |
|a HD66
|b .Z35 1983
|
| 100 |
0 |
|
|a Zakaria Ahmad
|
| 245 |
1 |
0 |
|a 99 soal jawab KMK :
|b Kumpulan meningkat mutu kerja
|c by Zakaria Ahmad
|
| 260 |
|
|
|a Kuala Lumpur :
|b Pusat Pembangunan Pengurusan Institut Tadbiran Awam Negara (INTAN) Malaysia ,
|c 1983
|
| 300 |
|
|
|a 36 p. :
|b ill. ;
|c 25 cm.
|
| 504 |
|
|
|a Includes bibliographical references
|
| 650 |
|
0 |
|a Quality control
|x Question, examination etc
|
| 999 |
|
|
|a 0000001569
|b BOOK
|c Open Shelf
|e Default branch
|
| 999 |
|
|
|a 0000001570
|b BOOK
|c Open Shelf
|e Default branch
|
| 999 |
|
|
|a 0000001571
|b BOOK
|c Open Shelf
|e Default branch
|
| 999 |
|
|
|a 0000001572
|b BOOK
|c Open Shelf
|e Default branch
|
| 999 |
|
|
|a 0000001573
|b BOOK
|c Open Shelf
|e Default branch
|